Photography Year 1977/78 Edition /
El Photography Year (ca. 1973-1981) es una colección de anuarios de fotografía que publicó la revista Life. Además de recopilar las imágenes que dieron cuenta de los principales eventos internacionales que sucedieron durante el año de edición, la publicación incluye artículos en el que se promueve l...
Guardado en:
| Format: | Bog |
|---|---|
| Sprog: | engelsk |
| Udgivet: |
Amsterdam, Holanda :
Time-Life,
1977, c1977
|
| Serier: | (Life Photography Year)
|
| Fag: | |
| Tags: |
Ingen Tags, Vær først til at tagge denne postø!
|
MARC
| LEADER | 00000nam^a2200000^a^4500 | ||
|---|---|---|---|
| 001 | 000355195 | ||
| 005 | 20250521000000.0 | ||
| 009 | 20260526141718.788 | ||
| 037 | |a Acervo ITESO - Biblioteca | ||
| 041 | |a ING | ||
| 082 | |a 770. 5 |b LIF 1977-1978 | ||
| 240 | 1 | 1 | |a [Life Photography Year] |
| 245 | 0 | 0 | |a Photography Year 1977/78 Edition / |
| 264 | 4 | |a Amsterdam, Holanda : |b Time-Life, |c 1977, c1977 | |
| 300 | |a 237 p. | ||
| 336 | |a texto |b txt |2 rdacontenido | ||
| 337 | |a sin mediación |b n |2 rdamedio | ||
| 338 | |a volumen |b nc |2 rdasoporte | ||
| 440 | 1 | |a (Life Photography Year) | |
| 520 | |a El Photography Year (ca. 1973-1981) es una colección de anuarios de fotografía que publicó la revista Life. Además de recopilar las imágenes que dieron cuenta de los principales eventos internacionales que sucedieron durante el año de edición, la publicación incluye artículos en el que se promueve la reflexión sobre los cambios tecnológicos y estéticos que ocurren en el medio fotográfico. | ||
| 649 | |a XX | ||
| 650 | |a Fotografía y Sociedad | ||
| 650 | |a Fotografía - |x Técnica | ||
| 650 | |a Fotografía - |x Historia y Crítica | ||
| 650 | |a Fotografía - |x Anuarios - |x Tema Principal | ||
| 650 | |a Arte - |x Técnica | ||
| 650 | |a Arte - |x Historia y Crítica | ||
| 650 | |a Arte - |x Anuarios | ||
| 650 | |a Comunicación Visual | ||
| 650 | |a Anuarios | ||
| 910 | |a Fondo Jesús Romero Hernández S.J. | ||
| 920 | |a Impresos - Libros | ||
| 930 | |a Fondos Especiales | ||
| 905 | |a 118 | ||
| 901 | |a 0500247800 |b IT2 |c ESP |i D67142 |u 20250521 | ||
| 902 | |a https://opac.biblio.iteso.mx/vufind/Record/000355195 | ||